000
00205nam a22001097a 4500
041
_a
eng
080
_a
80
100
_a
Borowsky, P.
245
_a
Deutschland 1945-1969
650
_a
German
999
_c
277742
_d
277742
942
_c
BK